The appraisal of data centres (Record no. 81570)

MARC details
000 -LEADER
fixed length control field 01274cab a22002055a 4500
001 - CONTROL NUMBER
control field L147572
008 - FIXED-LENGTH DATA ELEMENTS--GENERAL INFORMATION
fixed length control field 090526s2009 xxk d f 000 0 eng d
035 ## - SYSTEM CONTROL NUMBER
System control number (Sirsi) u147572
041 0# - LANGUAGE CODE
Language code of text/sound track or separate title eng
100 1# - MAIN ENTRY--PERSONAL NAME
Personal name McAllister, Patrick
245 04 - TITLE STATEMENT
Title The appraisal of data centres
Remainder of title deconstructing the cash flow
260 ## - PUBLICATION, DISTRIBUTION, ETC.
Date of publication, distribution, etc. 2009
490 #0 - SERIES STATEMENT
Series statement Journal of Property Investment and Finance
Volume/sequential designation 27(1) 2009, 65-80(16)
520 ## - SUMMARY, ETC.
Summary, etc. Analyses the appraisal of data centres, a specialised form of real estate. Examines data centres as an asset class, discusses the appropriate appraisal framework, lists the appraisal information requirements and suggests an alternative approach involving a model which focuses on projected rental income, residual (land) value and liabilities and expenditure. Data centres have characteristics that differentiate them from conventional real estate assets, making applying conventional discounted cash flow difficult. Proposes an approach to appraisal using pricing signals from traded cash flows that are similar to cash flows generated from data centres. Notes. References. Tables and figure.
590 ## - LOCAL NOTE (RLIN)
Local note KA
651 #4 - SUBJECT ADDED ENTRY--GEOGRAPHIC NAME
Geographic name England and Wales
Chronological subdivision 1543-
690 ## - LOCAL SUBJECT ADDED ENTRY--TOPICAL TERM (OCLC, RLIN)
Topical term or geographic name as entry element PROPERTY-PROPERTY VALUATION AND APPRAISAL
700 1# - ADDED ENTRY--PERSONAL NAME
Personal name Loizou, Pavlos
942 ## - ADDED ENTRY ELEMENTS (KOHA)
Suppress in OPAC 0
Holdings
Withdrawn status Lost status Source of classification or shelving scheme Damaged status Not for loan Home library Current library Shelving location Date acquired Total Checkouts Full call number Barcode Date last seen Copy number Price effective from Koha item type
    Dewey Decimal Classification     London London Journal article 26/05/2009   L147572 147572-1001 06/08/2019 1 06/08/2019 Journal article